Obálka Náhled e-knihy:
PDF
Pro půjčování e-knih musíte být přihlášeni.
Jak si půjčit online?

Srdcerváči /

Grafický román o životě, lásce a o všem, co se stane mezi tím.  Charlie je nervák a někdy až moc přemýšlivý kluk. Minulý rok pro něj nebyl dvakrát dobrý, ale aspoň už ho nikdo nešikanuje. Nick Nelson je zase veselý, měkkosrdcatý hráč ragby. O Charliem něco slyšel, ale nikdy neměl příležitos...

Celý popis

Uloženo v:
Série:Srdcerváči, část 1
Hlavní autor: Osemanová, Alice (Autor)
Médium: E-kniha
Jazyk:Czech
Vydáno: Praha : Albatros Media a.s., 2019
Příbuzné jednotky:Z cyklu:: Srdcerváči
Tagy:
Žádné tagy
LEADER 01526nam a22002417i 4500
001 313979
007 ta
008 260629s2019 xr ||||| |||| 00| 0 cze d
020 |a 9788075448255 
044 |a xr 
100 1 |a  Osemanová, Alice  |4 aut 
245 1 0 |a Srdcerváči /  |c  Osemanová, Alice 
240 1 0 |a Heartstopper 
264 1 |a Praha :  |b Albatros Media a.s.,  |c 2019 
300 |a 1 online zdroj (288 stran) 
336 |a text  |b txt  |2 rdacontent 
337 |a bez média  |b n  |2 rdamedia 
338 |a online zdroj  |b cr  |2 rdacarrier 
520 2 |a Grafický román o životě, lásce a o všem, co se stane mezi tím.  Charlie je nervák a někdy až moc přemýšlivý kluk. Minulý rok pro něj nebyl dvakrát dobrý, ale aspoň už ho nikdo nešikanuje. Nick Nelson je zase veselý, měkkosrdcatý hráč ragby. O Charliem něco slyšel, ale nikdy neměl příležitost si s ním promluvit. Až do začátku ledna, kdy se Nick a Charlie potkají na jedné společné hodině. I když jsou povahově zcela odlišní, rychle se z nich stanou přátelé, ale mohlo by z toho být i něco víc? 
787 0 8 |g 1  |i Z cyklu:  |t Srdcerváči 
910 |a RBIT002 
998 |d 186787  |a https://core.palmknihy.cz/api/books/186787/cover?thd27r  |b https://core.palmknihy.cz/api/books/186787/cover/400?thd27r  |c https://core.palmknihy.cz/api/books/186787/cover/50?thd27r  |e 2031-01-31  |g 288  |i 9788075448255  |k https://core.palmknihy.cz/api/books/186787/preview.pdf  |l   |q 49  |r 1  |s https://www.palmknihy.cz/kniha/186787  |t ebook  |y 2019  |z 1  |v Srdcerváči  |w 1 
999 |d 313977